C++ : the core language (Record no. 6153)

000 -LEADER
fixed length control field 00441 a2200157 4500
020 ## - INTERNATIONAL STANDARD BOOK NUMBER
International Standard Book Number 156592116X
040 ## - CATALOGING SOURCE
Original cataloging agency DLC
Language of cataloging DLC
100 10 - MAIN ENTRY--PERSONAL NAME
Personal name Satir, Gregory.
245 10 - TITLE STATEMENT
Title C++ : the core language
Statement of responsibility, etc. / Gregory Satir and Doug Brown.
250 ## - EDITION STATEMENT
Edition statement 1st ed.
260 0# - PUBLICATION, DISTRIBUTION, ETC.
Place of publication, distribution, etc. Sebastopol, Calif.
Name of publisher, distributor, etc. : O'Reilly
Date of publication, distribution, etc. , c1995.
300 ## - PHYSICAL DESCRIPTION
Extent xix, 207 p.
650 #0 - SUBJECT ADDED ENTRY--TOPICAL TERM
Topical term or geographic name entry element C++ (Computer program language)
700 10 - ADDED ENTRY--PERSONAL NAME
Personal name Brown, Doug
Dates associated with a name , 1952-
942 ## - ADDED ENTRY ELEMENTS (KOHA)
Koha item type Book
Call number prefix 005.133 SAT
Source of classification or shelving scheme
Holdings
Withdrawn status Lost status Damaged status Not for loan Collection code Permanent Location Current Location Shelving location Date acquired Total Checkouts Full call number Barcode Date last seen Price effective from Koha item type
          Central Library (CL) Central Library (CL) First Floor - Software Engineering/ Programming Language 12/08/2000   005.133 SAT SEECS000583 11/14/2012 01/05/2017 Book
© 2023 Central Library, National University of Sciences and Technology. All Rights Reserved.